Fratries ayant joués pour différentes nations_Football - Statistiques

Statistiques générales
  • Ce quiz a été pris 38 fois
  • Le résultat moyen est 4 sur 10
Statistiques - réponses
Nation Nation Réponse % Correct
Ghana Allemagne Boateng
85%
Guinée France Pogba
73%
Ghana Espagne Williams
67%
Albanie Suisse Xhaka
61%
Brésil Espagne Alcantara & Rafinha
45%
Côte d'ivoire France Doué
42%
Indonésie Pays-Bas Reijnders
21%
Irlande Angleterre Keane
18%
RD Congo France Mandanda
12%
Togo France Barcola
6%
Aucun quiz correspondant
Distribution des résultats
% des personnes avec chaque résultat
Percentile par nombre de réponses
Votre historique - résultats
Vous n’avez pas pris ce quiz